Представление документа в формате RUSMARC

ПолеНазваниеЗначение
  Тип записи a
  Библиографический уровень a
001 Контрольный номер RU/CBS_UL/BASE/451150208
005 Дата корректировки 20240209175138.2
100 Данные общей обработки __
a Данные общей обработки 20140418d2014 ||| 0rusy0189 ca
101 Язык документа 0_
a Язык текста rus
102 Страна публикации __
a Страна публикации RU
105 Кодированные данные (монография) __
a Кодированные данные (монография) y###||||000|y
200 Заглавие и сведения об ответственности 1_
a Заглавие "Я не хочу и не могу верить, чтобы зло было нормальным состоянием людей" : Ф.М. Достоевский о духовно-нравственном развитии человека и общества
b Общее обозначение материала Текст
f Первые сведения об ответственности А.А. Новикова-Строганова
300 Общие примечания __
a Общие примечания Ограничения по возрасту - 12+
461 Уровень набора _0
1 2000
a Литература в школе
463 Уровень физической единицы _0
1 001RU/CBS_UL/BASE/451149231
1 2000
a №4
v С.9-13
1 210
d 2014
686 Индексы других классификаций __
a Классификационный индекс 83.3(2Рос=Рус)1
2 Код системы ББК
700 Автор _1
a Фамилия Новикова-Строганова
b Имя (инициалы) А.А.
g Полное личное имя Алла Анатольевна
801 Источник записи _0
a Страна RU
b Организация МБУК ЦБС г. Ульяновска
c Дата составления 20140418
g Правила каталогизации RCR
801 Источник записи _1
a Страна RU
b Организация МБУК ЦБС г. Ульяновска
c Дата составления 20140418
g Правила каталогизации RCR
901 Тип документа __
t Тип документа b
w Контрольный № источника RU/CBS_UL/BASE/451149231
910 Корректоры записи __
a Корректор записи Варакина
938 Служебная информация __
a Имя БД period